[Event "Krefeld op"]
[Site "Krefeld"]
[Date "2022.08.05"]
[Round "3"]
[White "Thieme, Daniel Otis"]
[Black "Moeller, Tom"]
[Result "1-0"]
[WhiteElo "2019"]
[BlackElo "1246"]
[PlyCount "121"]
[EventDate "2022.08.04"]
[EventType "swiss"]
[EventRounds "9"]
[EventCountry "GER"]
[SourceTitle "CBM 209 Extra"]
[Source "ChessBase"]
[SourceDate "2022.09.30"]
[SourceVersion "1"]
[SourceVersionDate "2022.09.30"]
[SourceQuality "1"]

1. e4 c5 2. Nf3 e6 3. d4 cxd4 4. Nxd4 Nc6 5. Be2 Qc7 6. 0-0 Nf6 7. Nc3 a6 8. a4 b6 9. Be3 Bb7 10. f3 Rc8 11. Qe1 Bb4 12. Nb3 Ne5 13. Bd4 Nc4 14. Nb5 axb5 15. Qxb4 bxa4 16. Rxa4 e5 17. Qxc4 Qxc4 18. Rxc4 Rxc4 19. Bxc4 exd4 20. Nxd4 0-0 21. Ra1 d5 22. Ra7 Ba8 23. exd5 Nxd5 24. Rxa8 Rxa8 25. Bxd5 Rd8 26. Nc6 Rd7 27. c4 g6 28. Kf2 Kg7 29. Ke3 Kf6 30. Kd4 h5 31. b4 g5 32. c5 bxc5+ 33. Kxc5 g4 34. fxg4 hxg4 35. b5 Kg5 36. b6 f5 37. Nd4 f4 38. b7 Rc7+ 39. Bc6 Rxb7 40. Bxb7 Kh4 41. Kd6 f3 42. Bxf3 g3 43. h3 Kg5 44. Ne2 Kh4 45. Ke5 Kg5 46. Nxg3 Kh4 47. Ne2 Kg5 48. g3 Kh6 49. Kf4 Kg6 50. g4 Kh6 51. h4 Kg6 52. g5 Kg7 53. h5 Kh7 54. h6 Kg6 55. Be4+ Kf7 56. g6+ Kg8 57. Bd5+ Kh8 58. g7+ Kh7 59. g8Q+ Kxh6 60. Be6 Kh5 61. Qg5# 1-0

[Event "Hamburg-chT Landesliga 2122"]
[Site "Hamburg"]
[Date "2022.04.03"]
[Round "8.4"]
[White "Thieme, Daniel Otis"]
[Black "Fuhrmann, Aeke"]
[Result "1-0"]
[WhiteElo "2013"]
[BlackElo "1902"]
[PlyCount "65"]
[EventDate "2021.10.31"]
[EventType "team-tourn"]
[EventRounds "9"]
[EventCountry "GER"]
[SourceTitle "EXT 2023"]
[Source "ChessBase"]
[SourceDate "2022.10.05"]
[SourceVersion "1"]
[SourceVersionDate "2022.10.05"]
[SourceQuality "1"]
[WhiteTeam "St Pauli III"]
[BlackTeam "Hamburger SK VI"]
[WhiteTeamCountry "GER"]
[BlackTeamCountry "GER"]

1. d4 Nf6 2. c4 g6 3. Nf3 Bg7 4. Nc3 0-0 5. g3 d6 6. Bg2 Nc6 7. 0-0 a6 8. Ne1 Bd7 9. e4 Rb8 10. Nc2 b5 11. Ne3 e5 12. d5 Na5 13. cxb5 axb5 14. b4 Nb7 15. Qc2 c6 16. dxc6 Bxc6 17. Rd1 Rc8 18. Qd3 Qb6 19. Ncd5 Nxd5 20. Nxd5 Qd8 21. Be3 f5 22. Rac1 Kh8 23. Bh3 fxe4 24. Qd2 Rf5 25. Bxf5 gxf5 26. Bg5 Qe8 27. Ne7 Rc7 28. Nxc6 Rxc6 29. Qd5 Rxc1 30. Rxc1 Qd7 31. Qc6 Qxc6 32. Rxc6 h6 33. Bh4 1-0